[Event "Washington Class Ch - A Section"]
[Site "Redmond, WA"]
[Date "2009.11.29"]
[Round "5"]
[White "Sen, Samir"]
[Black "Xing, Casey"]
[Result "1-0"]
[WhiteElo "1849"]
[BlackElo "1807"]
[PlyCount "105"]
[EventDate "2009.11.29"]
[EventCountry "USA"]
[Source "NWChess.com"]
[SourceDate "2009.12.26"]

1. d4 Nf6 2. Nf3 e6 3. Bf4 d5 4. e3 c5 5. c3 Nc6 6. Nbd2 Bd6 7. Bg3 cxd4 8.
exd4 O-O 9. Bd3 Re8 10. Ne5 Qc7 11. f4 Nd7 12. Bxh7+ Kf8 13. Bd3 Bxe5 14. fxe5
Ke7 15. Bh4+ f6 16. Qg4 Ncxe5 17. dxe5 Qxe5+ 18. Be2 Rg8 19. Bg3 Qe3 20. Qf3
Qb6 21. Nb3 a5 22. Qf2 Qxf2+ 23. Bxf2 e5 24. O-O-O a4 25. Nc5 Nxc5 26. Bxc5+
Ke6 27. Bf3 Rd8 28. Rhe1 b5 29. Rf1 g6 30. Be2 Bd7 31. Bg4+ f5 32. Bf3 Bc6 33.
Rfe1 Kf6 34. g3 Rd7 35. Rd2 g5 36. Rf2 Rh7 37. Bg4 f4 38. Bd4 Re8 39. Rfe2 exd4
40. Rxe8 Bxe8 41. Rxe8 Rxh2 42. Re6+ Kf7 43. gxf4 dxc3 44. bxc3 gxf4 45. Re2
Rh1+ 46. Kb2 Kf6 47. Bd7 Rg1 48. Ka3 Rb1 49. Rb2 Re1 50. Kb4 f3 51. Rf2 Rb1+
52. Ka3 Ke7 53. Bf5 1-0

[Event "Washington Class Ch - A Section"]
[Site "Redmond, WA"]
[Date "2009.11.28"]
[Round "4"]
[White "Teng, Yun"]
[Black "Feng, Roland"]
[Result "1-0"]
[WhiteElo "1812"]
[BlackElo "1764"]
[PlyCount "119"]
[EventDate "2009.11.29"]
[EventCountry "USA"]
[Source "NWChess.com"]
[SourceDate "2009.12.26"]

1. d4 Nf6 2. c4 g6 3. Nc3 Bg7 4. e4 d6 5. Nf3 O-O 6. Be2 e5 7. O-O Nc6 8. d5
Ne7 9. Ne1 Nd7 10. Be3 f5 11. f3 f4 12. Bf2 g5 13. Nd3 Ng6 14. c5 Nf6 15. Rc1
Rf7 16. Qc2 Bf8 17. cxd6 cxd6 18. Nb5 b6 19. Nc7 Rb8 20. Nb4 Ne7 21. Nba6 Bxa6
22. Bxa6 g4 23. Ne6 Qd7 24. Qb3 Ng6 25. Rc7 Qxc7 26. Nxc7 Rxc7 27. a4 gxf3 28.
gxf3 Nd7 29. Qa3 Nc5 30. Bxc5 dxc5 31. d6 Bxd6 32. Rd1 Be7 33. Qb3+ Kg7 34. Qe6
Rf8 35. Bc4 Rf6 36. Qg8+ Kh6 37. Qb8 Rcc6 38. Qxa7 Rcd6 39. Rd5 Bd8 40. Qb8 Be7
41. Kf2 Rf8 42. Qa7 Rfd8 43. Ke2 Kg5 44. a5 bxa5 45. Qxa5 Kf6 46. Qe1 Kg7 47.
Qa1 Bf6 48. Qg1 Be7 49. Qg4 Rb8 50. b3 Ra8 51. Kd3 Ra2 52. Rxd6 Bxd6 53. h4 h5
54. Qxh5 Rh2 55. Qf5 Rxh4 56. Bf7 Rh6 57. Be6 Nh8 58. Bd5 Rf6 59. Qd7+ Kh6 60.
Qd8 1-0

[Event "Washington Class Ch - A Section"]
[Site "Redmond, WA"]
[Date "2009.11.27"]
[Round "2"]
[White "Teng, Yun"]
[Black "Hosford, Michael"]
[Result "0-1"]
[WhiteElo "1812"]
[BlackElo "1859"]
[PlyCount "40"]
[EventDate "2009.11.29"]
[EventCountry "USA"]
[Source "NWChess.com"]
[SourceDate "2009.12.26"]

1. d4 Nf6 2. c4 Nc6 3. Nc3 e5 4. e3 Bb4 5. Nge2 O-O 6. g3 d5 7. cxd5 Qxd5 8.
Rg1 Bg4 9. Bd2 Qd7 10. a3 Bxc3 11. Bxc3 exd4 12. Bxd4 Qf5 13. Bxf6 Qxf6 14. Qc2
Rad8 15. Nf4 Ne5 16. Be2 Nf3+ 17. Bxf3 Bxf3 18. g4 Rfe8 19. Ne2 Qh4 20. Qf5
Rxe3 0-1

[Event "Washington Class Ch - A Section"]
[Site "Redmond, WA"]
[Date "2009.11.27"]
[Round "2"]
[White "Velasquez, Alex"]
[Black "Coloma, Limuel"]
[Result "1-0"]
[WhiteElo "1622"]
[BlackElo "1863"]
[PlyCount "37"]
[EventDate "2009.11.29"]
[EventCountry "USA"]
[Source "NWChess.com"]
[SourceDate "2009.12.26"]

1. e4 g6 2. d4 Bg7 3. Nc3 d6 4. f4 Nf6 5. Nf3 O-O 6. e5 dxe5 7. fxe5 Nd5 8. Bc4
c6 9. O-O f6 10. Qe1 Kh8 11. Bb3 Na6 12. Qh4 Be6 13. Bh6 Nac7 14. Ne4 Bf5 {
Diagram #} 15. Nfg5 fxg5 16. Nxg5 Nf6 17. Bxg7+ Kxg7 18. exf6+ Kxf6 19. Ne6+
1-0

[Event "Washington Class Ch - A Section"]
[Site "Redmond, WA"]
[Date "2009.11.28"]
[Round "4"]
[White "Xing, Casey"]
[Black "Gottlieb, Ethan"]
[Result "1/2-1/2"]
[WhiteElo "1807"]
[BlackElo "1894"]
[PlyCount "30"]
[EventDate "2009.11.29"]
[EventCountry "USA"]
[Source "NWChess.com"]
[SourceDate "2009.12.26"]

1. d4 d5 2. c4 e6 3. Nc3 Nf6 4. Nf3 Nbd7 5. e3 Be7 6. Bd3 O-O 7. O-O b6 8. cxd5
exd5 9. Qc2 Bb7 10. b3 c5 11. Ba3 Rc8 12. Bb2 Re8 13. Rac1 Bf8 14. Qb1 Ne4 15.
Rfd1 Ndf6 1/2-1/2

[Event "Washington Class Ch - A Section"]
[Site "Redmond, WA"]
[Date "2009.11.28"]
[Round "1"]
[White "Xing, Casey"]
[Black "Hannibal, Dana"]
[Result "1-0"]
[WhiteElo "1807"]
[BlackElo "1708"]
[PlyCount "87"]
[EventDate "2009.11.29"]
[EventCountry "USA"]
[Source "NWChess.com"]
[SourceDate "2009.12.26"]

1. d4 d5 2. c4 c6 3. Nc3 Nf6 4. Nf3 a6 5. cxd5 cxd5 6. Bf4 Nc6 7. e3 Ra7 8. Rc1
Bf5 9. Be2 e6 10. O-O Be7 11. Bd3 Bg4 12. h3 Bh5 13. Be2 Nd7 14. a3 O-O 15. Nh2
Bg6 16. Bd3 Nb6 17. Bxg6 hxg6 18. Nf3 Nc4 19. Qc2 b5 20. Rfd1 Qd7 21. e4 Rc8
22. exd5 exd5 23. Qe2 Bf6 24. Ne5 N6xe5 25. dxe5 Qf5 26. exf6 Qxf4 27. Nxd5 Qf5
28. Ne7+ Rxe7 29. fxe7 Re8 30. Rd8 Rxd8 31. exd8=Q+ Kh7 32. Qh4+ Qh5 33. Qhxh5+
gxh5 34. Qxh5+ Kg8 35. Rd1 Kf8 36. Qh4 f6 37. Qh8+ Kf7 38. Rd7+ Ke6 39. Qxg7
Nd6 40. Qe7+ Kf5 41. g4+ Kg5 42. Rxd6 Kh4 43. Kg2 Kg5 44. Qxf6# 1-0

[Event "Washington Class Ch - A Section"]
[Site "Redmond, WA"]
[Date "2009.11.28"]
[Round "3"]
[White "Xing, Casey"]
[Black "Sotaridona, Leonardo"]
[Result "1-0"]
[WhiteElo "1807"]
[BlackElo "1864"]
[PlyCount "104"]
[EventDate "2009.11.29"]
[EventCountry "USA"]
[Source "NWChess.com"]
[SourceDate "2009.12.26"]

1. d4 d5 2. c4 e6 3. Nc3 c5 4. cxd5 exd5 5. Nf3 Nc6 6. g3 Nf6 7. Bg2 Be7 8. O-O
O-O 9. Bg5 cxd4 10. Nxd4 h6 11. Be3 Re8 12. Nxc6 bxc6 13. Na4 Bg4 14. h3 Bf5
15. Rc1 Qd7 16. Kh2 Rac8 17. Nc5 Bxc5 18. Bxc5 Ne4 19. b4 h5 20. e3 g6 21. Bxe4
Bxe4 22. f3 Bf5 23. g4 Be6 24. Qd4 h4 25. Qf4 f5 26. gxf5 Bxf5 27. Qxh4 Kf7 28.
Bd4 Qd6+ 29. Kg2 Ke6 30. a3 Kd7 31. Rh1 a5 32. Bc5 Qe6 33. Qh7+ Re7 34. Qxe7+
Qxe7 35. Bxe7 Kxe7 36. bxa5 Kd6 37. Kg3 Ra8 38. Rc3 Rxa5 39. Rhc1 c5 40. Kf4
Ra4+ 41. Kg3 c4 42. Rd1 Kc5 43. h4 Ra7 44. Kf4 Rh7 45. Kg5 Rh5+ 46. Kf6 Rxh4
47. Ke5 Be4 48. fxe4 Rxe4+ 49. Kf6 Rg4 50. Rc2 Rg3 51. Rcd2 c3 52. Rxd5+ Kc4
1-0

[Event "Washington Class Ch - B Section"]
[Site "Redmond, WA"]
[Date "2009.11.28"]
[Round "4"]
[White "Allen, Robert"]
[Black "Buck, Stephen"]
[Result "0-1"]
[WhiteElo "1700"]
[BlackElo "1753"]
[PlyCount "98"]
[EventDate "2009.11.29"]
[EventCountry "USA"]
[Source "NWChess.com"]
[SourceDate "2009.12.26"]

1. d4 d5 2. c4 c6 3. Nc3 Nf6 4. Nf3 e6 5. Bg5 Be7 6. e3 Nbd7 7. Bd3 O-O 8. O-O
Re8 9. Rc1 h6 10. Bh4 dxc4 11. Bxc4 b6 12. Bd3 Bb7 13. a3 c5 14. Bg3 a6 15. h3
b5 16. dxc5 Nxc5 17. Be2 Rc8 18. Nd4 Qb6 19. b4 Nce4 20. Nxe4 Nxe4 21. Bh2 Nc3
22. Qd2 Nxe2+ 23. Qxe2 Bf6 24. Rfd1 Bxd4 25. exd4 Rxc1 26. Rxc1 Qxd4 27. Be5
Qd5 28. f4 Rc8 29. Rxc8+ Bxc8 30. Qg4 g6 31. Qh4 Bb7 32. Qg4 Qe4 33. h4 Kh7 34.
Qg3 h5 35. Qf2 Bd5 36. Qb2 Qe1+ 37. Kh2 Qxh4+ 38. Kg1 Qe1+ 39. Kh2 Qe4 40. Kg1
Qe1+ 41. Kh2 h4 42. Bh8 Qg3+ 43. Kg1 Qxg2+ 44. Qxg2 Bxg2 45. Be5 h3 46. Kh2 Kg8
47. Bf6 Kf8 48. Kg3 Ke8 49. Kf2 Kd7 0-1

[Event "Washington Class Ch - B Section"]
[Site "Redmond, WA"]
[Date "2009.11.27"]
[Round "2"]
[White "Buck, Stephen"]
[Black "Chi, Quentin"]
[Result "1-0"]
[WhiteElo "1753"]
[BlackElo "1530"]
[PlyCount "72"]
[EventDate "2009.11.29"]
[EventCountry "USA"]
[Source "NWChess.com"]
[SourceDate "2009.12.26"]

1. c4 Nf6 2. Nc3 g6 3. g3 Bg7 4. Bg2 O-O 5. Nf3 d6 6. d3 Nc6 7. O-O Bd7 8. h3
Qc8 9. Kh2 Re8 10. a3 a6 11. Rb1 Rb8 12. b4 b5 13. cxb5 axb5 14. Bb2 e5 15. Ng5
h6 16. Nge4 Nxe4 17. Nxe4 f5 18. Nc3 Bf6 19. Nd5 Rf8 20. Nxf6+ Rxf6 21. Qc1 Ne7
22. Qxh6 Qf8 23. Qxf8+ Rbxf8 24. Rbc1 c6 25. f4 Re6 26. e4 exf4 27. gxf4 Rf7
28. Rc2 Rh7 29. e5 Nd5 30. Bxd5 cxd5 31. exd6 Rxd6 32. Be5 Ra6 33. Bb2 Re6 34.
Be5 g5 35. Rg1 g4 36. Rg3 Reh6 {unclear scoresheet} 1-0

[Event "Washington Class Ch - B Section"]
[Site "Redmond, WA"]
[Date "2009.11.29"]
[Round "5"]
[White "Buck, Stephen"]
[Black "Dixon, Blake"]
[Result "1/2-1/2"]
[WhiteElo "1753"]
[BlackElo "1684"]
[PlyCount "35"]
[EventDate "2009.11.29"]
[EventCountry "USA"]
[Source "NWChess.com"]
[SourceDate "2009.12.26"]

1. c4 Nf6 2. Nc3 d5 3. cxd5 Nxd5 4. g3 g6 5. Bg2 c6 6. Nf3 Bg7 7. O-O e5 8. Qb3
Nb6 9. d3 O-O 10. Be3 Be6 11. Qc2 Qe7 12. Rac1 Na6 13. a3 f5 14. b4 Rfc8 15.
Na4 Nd5 16. Nc5 Nxc5 17. Qxc5 Qxc5 18. Rxc5 {unclear scoresheet} 1/2-1/2

[Event "Washington Class Ch - B Section"]
[Site "Redmond, WA"]
[Date "2009.11.29"]
[Round "6"]
[White "Buck, Stephen"]
[Black "Rajkumar, Johnny"]
[Result "0-1"]
[WhiteElo "1753"]
[BlackElo "1782"]
[PlyCount "51"]
[EventDate "2009.11.29"]
[EventCountry "USA"]
[Source "NWChess.com"]
[SourceDate "2009.12.26"]

1. c4 d6 2. Nc3 Nf6 3. g3 g6 4. Bg2 Bg7 5. Nf3 O-O 6. O-O Nc6 7. d3 e5 8. Rb1
Nh5 9. Nd5 f5 10. e3 Nf6 11. Nxf6+ Qxf6 12. b4 g5 13. b5 Ne7 14. Bb2 g4 15. Nh4
Ng6 16. Nxg6 Qxg6 17. f4 gxf3 18. Bxf3 Bh6 19. Bd5+ Be6 20. Bxe6+ Qxe6 21. Qf3
e4 22. dxe4 fxe4 23. Qe2 Rf3 24. Rxf3 exf3 25. Qxf3 Bxe3+ 26. Kh1 {
remaining moves not recorded} 0-1

[Event "Washington Class Ch - B Section"]
[Site "Redmond, WA"]
[Date "2009.11.28"]
[Round "4"]
[White "Gibbon, Brian"]
[Black "Pisani, Paul"]
[Result "1-0"]
[WhiteElo "1681"]
[BlackElo "1462"]
[PlyCount "57"]
[EventDate "2009.11.29"]
[EventCountry "USA"]
[Source "NWChess.com"]
[SourceDate "2009.12.26"]

1. d4 e6 2. c4 d5 3. Nc3 Nf6 4. Bg5 Be7 5. Nf3 c6 6. e3 Nbd7 7. Bd3 b6 8. cxd5
Nxd5 9. Bxe7 Nxe7 10. Qc2 Bb7 11. Ne4 Qc7 12. Rc1 Nd5 13. a3 Rc8 14. b4 h6 15.
O-O N5f6 16. Ng3 Qb8 17. Qa4 O-O 18. e4 Rfd8 19. e5 Ne8 20. Rfd1 Rc7 21. Ne4
Qa8 22. Re1 a6 23. Re2 c5 24. bxc5 bxc5 25. dxc5 Bc6 26. Qa5 Qa7 27. Nd6 Nxd6
28. cxd6 Rcc8 29. Rxc6 1-0

[Event "Washington Class Ch - B Section"]
[Site "Redmond, WA"]
[Date "2009.11.29"]
[Round "5"]
[White "Hendricks, David"]
[Black "Chi, Quentin"]
[Result "0-1"]
[WhiteElo "1601"]
[BlackElo "1530"]
[PlyCount "88"]
[EventDate "2009.11.29"]
[EventCountry "USA"]
[Source "NWChess.com"]
[SourceDate "2009.12.26"]

1. d4 Nf6 2. Bf4 d6 3. Nf3 g6 4. e3 Bg7 5. Bd3 O-O 6. c4 Nbd7 7. Nc3 Nh5 8. Bg5
h6 9. Bh4 c5 10. O-O Re8 11. Re1 a6 12. Bc2 Rb8 13. e4 b5 14. cxb5 axb5 15. a3
Qb6 16. Nd5 Qd8 17. Qd2 cxd4 18. Nxd4 Ne5 19. Bb3 g5 20. Bxg5 hxg5 21. Qxg5 Nf6
22. Nf5 Bxf5 23. exf5 Nxd5 24. Bxd5 e6 25. Qxd8 Rbxd8 26. fxe6 fxe6 27. Ba2 d5
28. Re2 Rc8 29. Rae1 Nd3 30. Rxe6 Rxe6 31. Bxd5 Nf4 32. Bb3 Kf8 33. Bxe6 Nxe6
34. g3 Ng5 35. Kg2 Bxb2 36. h4 Nf7 37. g4 Bxa3 38. g5 Kg7 39. f4 Rc2+ 40. Kg3
Bd6 41. h5 Nxg5 42. Kg4 Rg2+ 43. Kf5 Nf7 44. Re6 Nh6+ 0-1

[Event "Washington Class Ch - B Section"]
[Site "Redmond, WA"]
[Date "2009.11.28"]
[Round "4"]
[White "Hendricks, David"]
[Black "Fields, Noah"]
[Result "1-0"]
[WhiteElo "1601"]
[BlackElo "1543"]
[PlyCount "163"]
[EventDate "2009.11.29"]
[EventCountry "USA"]
[Source "NWChess.com"]
[SourceDate "2009.12.26"]

1. d4 d5 2. Bf4 Bf5 3. e3 Nf6 4. Bd3 Bg6 5. Nf3 e6 6. Ne5 Nbd7 7. Nxg6 hxg6 8.
Nd2 Bd6 9. Bxd6 cxd6 10. Qe2 Qb6 11. Rb1 O-O-O 12. O-O e5 13. c3 e4 14. Bc2
Rdf8 15. c4 Kb8 16. cxd5 Nxd5 17. Bxe4 Ne7 18. Nc4 Qd8 19. Nxd6 Qc7 20. g3 Qxd6
21. Qb5 Nb6 22. a4 Rh5 23. Qb3 Qd7 24. Bg2 Qxa4 25. Qd3 Qd7 26. Ra1 Nc6 27. Qa3
Qe7 28. Qc3 Qd6 29. Rfc1 Rc8 30. Qb3 Qe6 31. Qd3 Rhh8 32. d5 Qd6 33. e4 Nb4 34.
Qd4 Nc2 35. Rxc2 Rxc2 36. Qxg7 Qf8 37. Qe5+ Ka8 38. d6 Qc8 39. Bf1 Rh5 40. Qe7
Qd7 41. Qf6 Rc6 42. e5 Rc8 43. Qf4 Re8 44. Qd4 Nc8 45. f4 f6 46. Ra5 Kb8 47.
Rc5 Nb6 48. Rc7 Qa4 49. Qd3 fxe5 50. Re7 Rhh8 51. fxe5 Rxe7 52. dxe7 Qd7 53.
Qd6+ Qxd6 54. exd6 Kc8 $4 {Diagram #} (54... Nc8 $19) 55. Bb5 (55. Bh3+ $1 Nd7
56. Kf2 $18 {and Ke3-e4-d5-e6-f7}) 55... Nd7 56. Bc4 a6 $2 (56... Nc5 57. b4
Nd7 58. Bf7 Nf6 59. Be6+ Nd7 60. Bf7 Nf6 $11) (56... a5 57. Bf7 Nf6 58. Be6+
Nd7 59. Kg2 b5 60. Kf3 a4 61. Ke4 b4 62. Kd5 a3 63. bxa3 bxa3 64. Kc6 a2 65.
Bxa2 Nb8+ 66. Kb5 Kd7 67. Bf7 g5 68. h3 Rc8 69. Kb6 Kxd6 70. e8=Q Nd7+ 71. Kb5
Rxe8 72. Bxe8 Nf6 $11) 57. Bf7 $22 Nf6 (57... g5 58. Kg2 g4 59. Kf2 Rxh2+ 60.
Ke3 Rh8 61. Kd4 a5 62. Be6 Rd8 63. Bxg4 $18) 58. Be6+ Nd7 59. Kg2 $18 b5 60. b4
g5 61. Kf3 g4+ 62. Kxg4 a5 63. bxa5 b4 64. a6 b3 65. Bxb3 Nc5 66. Bc4 Kd7 67.
Bb5+ Kxd6 68. e8=Q Rxe8 69. Bxe8 Nxa6 70. Kf5 Ke7 71. Bh5 Kf8 72. Kf6 Kg8 73.
g4 Nc7 74. Bf7+ Kh8 75. g5 Kh7 76. g6+ Kh6 77. g7 Ne8+ 78. Bxe8 Kh7 79. Kf7 Kh6
80. g8=Q Kh5 81. Qg3 Kh6 82. Qg6# 1-0

[Event "Washington Class Ch - B Section"]
[Site "Redmond, WA"]
[Date "2009.11.28"]
[Round "2"]
[White "Hendricks, David"]
[Black "Whitt, Anthony"]
[Result "0-1"]
[WhiteElo "1601"]
[BlackElo "1650"]
[PlyCount "78"]
[EventDate "2009.11.29"]
[EventCountry "USA"]
[Source "NWChess.com"]
[SourceDate "2009.12.26"]

1. d4 Nf6 2. Bf4 d5 3. e3 Bf5 4. Nf3 e6 5. Bd3 Bxd3 6. Qxd3 Nbd7 7. Nbd2 Rc8 8.
h3 c5 9. c3 cxd4 10. exd4 a6 11. O-O b5 12. Rac1 Nb6 13. b3 Ba3 14. Rc2 O-O 15.
Ne5 Bd6 16. Ndf3 Ne4 17. Nd2 f6 18. Nxe4 dxe4 19. Qxe4 fxe5 20. Bxe5 Bxe5 21.
Qxe5 Qd5 22. Re1 Qxe5 23. Rxe5 Rf6 24. Kf1 Nd5 25. c4 bxc4 26. bxc4 Nb4 27.
Rce2 Rxc4 28. Rxe6 Rc1+ 29. Re1 Rxe1+ 30. Rxe1 Nxa2 31. Re2 Nb4 32. Rd2 a5 33.
Ke2 a4 34. Kd1 a3 35. Kc1 Re6 36. Rd1 Re2 37. Kb1 a2+ 38. Ka1 Nc2+ 39. Kxa2
Ne3+ 0-1

[Event "Washington Class Ch - B Section"]
[Site "Redmond, WA"]
[Date "2009.11.28"]
[Round "1"]
[White "Marcjan, Karen"]
[Black "Hendricks, David"]
[Result "1-0"]
[WhiteElo "1438"]
[BlackElo "1601"]
[PlyCount "57"]
[EventDate "2009.11.29"]
[EventCountry "USA"]
[Source "NWChess.com"]
[SourceDate "2009.12.26"]

1. e4 c5 2. Nc3 Nc6 3. f4 g6 4. Nf3 Bg7 5. Bc4 e6 6. d3 Nge7 7. Be3 $4 d5 8.
exd5 exd5 9. Bxc5 dxc4 10. dxc4 O-O 11. O-O Be6 12. Nd5 Bxd5 13. cxd5 b6 14.
Ba3 Nb8 15. d6 Nf5 16. Re1 Re8 17. Qd5 Nd7 18. Rxe8+ Qxe8 19. Re1 Qd8 20. Ng5
Nc5 $4 21. Qxf7+ Kh8 22. Bxc5 bxc5 23. d7 Nd6 24. Qe6 Qf8 25. Qxd6 Bd4+ 26. Kh1
Bf6 27. Qxf8+ Rxf8 28. Re8 Kg8 29. Ne6 1-0

[Event "Washington Class Ch - B Section"]
[Site "Redmond, WA"]
[Date "2009.11.27"]
[Round "2"]
[White "Nelson, James"]
[Black "Gibbon, Brian"]
[Result "0-1"]
[WhiteElo "1666"]
[BlackElo "1681"]
[PlyCount "50"]
[EventDate "2009.11.29"]
[EventCountry "USA"]
[Source "NWChess.com"]
[SourceDate "2009.12.26"]

1. d4 d5 2. Nf3 Nf6 3. e3 e6 4. Bd3 c5 5. O-O Nc6 6. b3 cxd4 7. exd4 Bd6 8.
Nbd2 Nb4 9. Be2 O-O 10. a3 Nc6 11. Bb2 b6 12. Ne5 Bb7 13. Bd3 Rc8 14. f4 Ne7
15. Rf3 Nf5 16. g4 Bxe5 17. gxf5 Bd6 18. fxe6 fxe6 19. f5 exf5 20. Bxf5 Rc7 21.
Be6+ Kh8 22. Rh3 Qe8 23. Bf5 Bc8 24. Rf3 Bxf5 25. Rxf5 Qg6+ 0-1

[Event "Washington Class Ch - B Section"]
[Site "Redmond, WA"]
[Date "2009.11.28"]
[Round "3"]
[White "Pisani, Paul"]
[Black "Hendricks, David"]
[Result "1/2-1/2"]
[WhiteElo "1462"]
[BlackElo "1601"]
[PlyCount "84"]
[EventDate "2009.11.29"]
[EventCountry "USA"]
[Source "NWChess.com"]
[SourceDate "2009.12.26"]

1. e4 c5 2. Nf3 Nc6 3. b3 d6 4. Bb2 Nf6 5. Nc3 g6 6. Bc4 Bg7 7. Rb1 O-O 8. O-O
a6 9. a3 b5 10. Bd5 Nxd5 11. Nxd5 e6 12. Bxg7 Kxg7 13. Ne3 Bb7 14. c4 Nd4 15.
d3 f5 16. Nxd4 cxd4 17. Nc2 e5 18. f4 fxe4 19. dxe4 Bxe4 20. Qe2 Bxc2 21. Qxc2
Rxf4 22. Rxf4 exf4 23. Qe4 Qe8 24. Qxf4 Qe5 25. Rf1 Re8 26. Qf7+ Kh8 27. Rd1
Qe3+ 28. Qf2 Rf8 29. Qxe3 dxe3 30. cxb5 axb5 31. Re1 Re8 32. Kf1 d5 33. Ke2 d4
34. Kd3 Rd8 35. a4 bxa4 36. bxa4 Kg7 37. a5 Kf6 38. Ke4 Ke6 39. a6 d3 40. Kxe3
d2 41. Rd1 Ra8 42. Rxd2 Rxa6 1/2-1/2

[Event "Washington Class Ch - B Section"]
[Site "Redmond, WA"]
[Date "2009.11.28"]
[Round "3"]
[White "Pyle, Galen"]
[Black "Buck, Stephen"]
[Result "1-0"]
[WhiteElo "1760"]
[BlackElo "1753"]
[PlyCount "41"]
[EventDate "2009.11.29"]
[EventCountry "USA"]
[Source "NWChess.com"]
[SourceDate "2009.12.26"]

1. d4 d5 2. c4 c6 3. Nf3 Nf6 4. Nc3 e6 5. Bg5 Nbd7 6. e3 Qa5 7. Nd2 dxc4 8.
Bxf6 Nxf6 9. Nxc4 Qd8 10. Be2 Be7 11. O-O O-O 12. Qb3 Nd5 13. Rfd1 Bf6 14. Ne4
Be7 15. Rac1 f5 16. Ned2 Rf6 17. Ne5 Rh6 18. Nf1 Bd6 19. f4 Bxe5 20. dxe5 g5
21. Rxd5 {unclear scoresheet} 1-0

[Event "Washington Class Ch - B Section"]
[Site "Redmond, WA"]
[Date "2009.11.29"]
[Round "6"]
[White "Vanmane, Amith"]
[Black "Hendricks, David"]
[Result "1-0"]
[WhiteElo "1519"]
[BlackElo "1601"]
[PlyCount "53"]
[EventDate "2009.11.29"]
[EventCountry "USA"]
[Source "NWChess.com"]
[SourceDate "2009.12.26"]

1. e4 c5 2. Nc3 Nc6 3. f4 g6 4. Nf3 Bg7 5. d3 e6 6. Be2 Nge7 7. O-O O-O 8. Qe1
Nd4 9. Nxd4 Bxd4+ 10. Kh1 d5 11. e5 Qc7 12. Nd1 c4 13. c3 cxd3 14. Bxd3 Bb6 15.
Be3 Bxe3 16. Nxe3 f6 17. Qh4 fxe5 18. fxe5 Nc6 19. Rxf8+ Kxf8 20. Rf1+ Kg8 21.
Ng4 Qe7 22. Nf6+ Kh8 23. Bxg6 Nxe5 24. Bxh7 Qd8 25. Bg6+ Kg7 26. Qh7+ Kf8 27.
Nxd5+ 1-0

[Event "Washington Class Ch - C Section"]
[Site "Redmond, WA"]
[Date "2009.11.28"]
[Round "4"]
[White "Arora, Mayhul"]
[Black "Omori, Jeff"]
[Result "1-0"]
[WhiteElo "1406"]
[BlackElo "1473"]
[PlyCount "85"]
[EventDate "2009.11.29"]
[Source "NWChess.com"]
[SourceDate "2009.12.26"]

1. d4 d5 2. c4 Nf6 3. cxd5 Nxd5 4. e4 Nb6 5. Nc3 e6 6. Nf3 Be7 7. Be2 O-O 8.
O-O Nc6 9. Be3 Re8 10. a3 Nd7 11. Qc2 Nf8 12. Rfd1 Ng6 13. b4 a6 14. Bc4 b5 15.
Nxb5 axb5 16. Bxb5 Nxb4 17. axb4 Rxa1 18. Rxa1 Bd7 19. Bxd7 Qxd7 20. Rb1 Rb8
21. Bd2 Rb7 22. h3 c6 23. Qa4 Ra7 24. Qc2 Rb7 25. Rc1 Bxb4 26. Bxb4 Rxb4 27.
Qxc6 Qxc6 28. Rxc6 Rb1+ 29. Kh2 Ne7 30. Rd6 g6 31. Ne5 Rb5 32. Rd7 Kf8 33. Rc7
Ke8 34. Ra7 Rxe5 35. dxe5 Nc6 36. Ra8+ Ke7 37. f4 h5 38. Kg3 Nd4 39. Kf2 Nc2
40. Ra4 f5 41. exf5 exf5 42. Ke2 Ke6 43. Kd2 1-0

[Event "Washington Class Ch - C Section"]
[Site "Redmond, WA"]
[Date "2009.11.29"]
[Round "6"]
[White "Chang, Evangeline"]
[Black "Varner, Murlin"]
[Result "0-1"]
[WhiteElo "1255"]
[BlackElo "1557"]
[PlyCount "108"]
[EventDate "2009.11.29"]
[Source "NWChess.com"]
[SourceDate "2009.12.26"]

1. c4 e5 2. Nc3 Nf6 3. g3 Bc5 4. Bg2 O-O 5. e3 d6 6. Nge2 c6 7. d4 exd4 8. exd4
Bb6 9. O-O Bg4 10. Be3 Nbd7 11. Qc2 Qc7 12. a3 Be6 13. b3 Rfe8 14. Nf4 a6 15.
d5 cxd5 16. cxd5 Bf5 17. Bxb6 Nxb6 18. Qxf5 Qxc3 19. Rfc1 Qxb3 20. Rcb1 Qc3 21.
Rc1 Qd4 22. Rd1 Qc3 23. Rdc1 Qd2 24. Rd1 Qa5 25. Nh5 Nxh5 26. Qxh5 Re5 27. Qf3
Rae8 28. Qd3 Na4 29. Qb3 b5 30. Rac1 Nc5 31. Qb2 Re1+ 32. Rxe1 Rxe1+ 33. Rxe1
Qxe1+ 34. Bf1 h6 35. Qc2 Qe5 36. Bg2 Qa1+ 37. Bf1 Qxa3 38. Qf5 g6 39. Qf6 Ne4
40. Qf4 Ng5 41. Qh4 Nf3+ 42. Kh1 Nxh4 43. gxh4 Qf3+ 44. Bg2 Qxf2 45. h3 b4 46.
h5 b3 47. hxg6 fxg6 48. h4 b2 49. Be4 Qe1+ 50. Kh2 Qxe4 51. h5 b1=R 52. Kh3 Rg1
53. hxg6 Qg2+ 54. Kh4 Qg4# 0-1

[Event "Washington Class Ch - C Section"]
[Site "Redmond, WA"]
[Date "2009.11.28"]
[Round "4"]
[White "Dawson, Drew"]
[Black "Janko, Imre"]
[Result "0-1"]
[WhiteElo "1386"]
[BlackElo "1506"]
[PlyCount "77"]
[EventDate "2009.11.29"]
[Source "NWChess.com"]
[SourceDate "2009.12.26"]

1. e4 c5 2. d4 cxd4 3. c3 dxc3 4. Nxc3 Nc6 5. Nf3 d6 6. Bc4 e6 7. O-O Nf6 8.
Bf4 Be7 9. Bb3 O-O 10. Qd2 e5 11. Be3 a6 12. Rfd1 Be6 13. Bc2 b5 14. Bg5 Qc7
15. Rac1 Rfd8 16. Bxf6 Bxf6 17. Nd5 Qb7 18. Nxf6+ gxf6 19. Qe3 Ne7 20. Qh6 Ng6
21. Nh4 Nxh4 22. Qxh4 Qe7 23. Rd3 Kh8 24. Rf3 Rg8 25. Qxf6+ Qxf6 26. Rxf6 Rac8
27. Rf3 b4 28. Rd3 Rc6 29. b3 Rgc8 30. Rd2 a5 31. Kf1 a4 32. Ke1 axb3 33. axb3
Bxb3 34. Kd1 Ba4 35. Bxa4 Rxc1+ 36. Ke2 Rd8 37. Rb2 Rc4 38. Ke3 f6 39. f3 {
The remaining three moves were unclear.} 0-1

[Event "Washington Class Ch - C Section"]
[Site "Redmond, WA"]
[Date "2009.11.27"]
[Round "1"]
[White "Golden, Richard"]
[Black "Janko, Imre"]
[Result "1-0"]
[WhiteElo "1598"]
[BlackElo "1506"]
[PlyCount "69"]
[EventDate "2009.11.29"]
[Source "NWChess.com"]
[SourceDate "2009.12.26"]

1. e4 c5 2. d4 cxd4 3. c3 dxc3 4. Nxc3 Nc6 5. Nf3 d6 6. Bc4 e6 7. O-O Nf6 8.
Qe2 Be7 9. Rd1 e5 10. h3 O-O 11. Be3 a6 12. Na4 Nd7 13. Nc3 b5 14. Bd5 Bb7 15.
Rac1 Nf6 16. Bxc6 Bxc6 17. Nxe5 Bxe4 18. Nxe4 Nxe4 19. Nc6 Qd7 20. Bf4 Qe6 21.
Nxe7+ Qxe7 22. f3 (22. Bxd6) 22... Qa7+ 23. Be3 Ng3 24. Qf2 Qe7 25. Bf4 Nf5 26.
Rd5 Qf6 27. Rcd1 Rfd8 28. Qd2 Rac8 29. Bg5 Qg6 30. Bxd8 Rxd8 31. Qd3 Ne7 32.
Qxg6 Nxg6 33. Rxd6 Rxd6 34. Rxd6 Kf8 35. Rxa6 1-0

[Event "Washington Class Ch - C Section"]
[Site "Redmond, WA"]
[Date "2009.11.27"]
[Round "2"]
[White "Grabar, Anatoly"]
[Black "Hu, Jiayi"]
[Result "1-0"]
[WhiteElo "1589"]
[BlackElo "1507"]
[PlyCount "37"]
[EventDate "2009.11.29"]
[Source "NWChess.com"]
[SourceDate "2009.12.26"]

1. e4 e6 2. d4 d5 3. Nd2 Nf6 4. e5 Nfd7 5. Bd3 c5 6. c3 Nc6 7. Ne2 Qb6 8. Nf3
Be7 9. O-O O-O 10. Nf4 cxd4 11. cxd4 Nb4 12. Bb1 f6 13. exf6 Nxf6 14. a3 Nc6
15. Qd3 Qc7 16. Ng5 Re8 {Diagram #} 17. Qxh7+ Nxh7 18. Bxh7+ Kf8 19. Ng6# 1-0